| 000 | 00833cam a2200301 i 4500 | ||
|---|---|---|---|
| 001 | 768714001 | ||
| 003 | CO-MdFUSB | ||
| 005 | 20241203144439.0 | ||
| 007 | ta | ||
| 008 | 241203t1996 -ck||||| |||| 00| 0 spa d | ||
| 020 |
_a958-9354-16- _q5 |
||
| 040 | _cCO-MdFUSB | ||
| 041 | 0 | _aspa | |
| 082 | 0 | 4 |
_223 _a235.4 _bM3939v |
| 100 | 1 |
_aMarzullo, Frank _eautor |
|
| 245 | 1 | 0 |
_aVictoria sobre los espíritus malignos _c/ Frank Marzullo ; traducido por Sally de Arias |
| 264 | 1 |
_bLibros Desafío, _aBogotá, Colombia : _c[1996] |
|
| 264 | 4 | _c©1996 | |
| 300 | _a149 Pág. | ||
| 336 |
_atexto _btxt _2rdacontent |
||
| 337 |
_2rdamedia _asin mediación _bn |
||
| 338 |
_2rdacarrier _avolumen _bnc |
||
| 563 | _aRustico | ||
| 653 | _aDemonologia | ||
| 700 |
_ade Arias, Sally, _911159 _etraductor |
||
| 942 | _cBK | ||
| 945 | _aMiguel | ||
| 999 |
_c32033 _d32033 |
||